[Event "Benidorm Satellite preliminary"]
[Site "playchess.com #007036"]
[Date "2009.10.24"]
[Round "12"]
[White "Sff3"]
[Black "Pfleger"]
[Result "1-0"]
[WhiteElo "1675"]
[BlackElo "1658"]
[PlyCount "111"]
[EventDate "2009.10.24"]
[EventType "swiss (blitz)"]

1. Nf3 {[%emt 0:00:01]} Nf6 {[%emt 0:00:04]} 2. c4 {[%emt 0:00:00]} Nc6 {[%emt
0:00:05]} 3. Nc3 {[%emt 0:00:00]} e5 {[%emt 0:00:01]} 4. d4 {[%emt 0:00:01]}
exd4 {[%emt 0:00:02]} 5. Nxd4 {[%emt 0:00:01]} Bc5 {[%emt 0:00:00]} 6. Nxc6 {
[%emt 0:00:02]} dxc6 {[%emt 0:00:01]} 7. Qxd8+ {[%emt 0:00:01]} Kxd8 {[%emt 0:
00:01]} 8. f3 {[%emt 0:00:01]} Be6 {[%emt 0:00:03]} 9. e4 {[%emt 0:00:03]} h6 {
[%emt 0:00:05]} 10. Bf4 {[%emt 0:00:01]} Nh5 {[%emt 0:00:04]} 11. O-O-O+ {
[%emt 0:00:01]} Kc8 {[%emt 0:00:01]} 12. Bg3 {[%emt 0:00:02]} Nxg3 {[%emt 0:00:
02]} 13. hxg3 {[%emt 0:00:00]} Rd8 {[%emt 0:00:01]} 14. Be2 {[%emt 0:00:02]}
Be3+ {[%emt 0:00:04]} 15. Kc2 {[%emt 0:00:04]} b6 {[%emt 0:00:09]} 16. f4 {
[%emt 0:00:03]} f6 {[%emt 0:00:03]} 17. f5 {[%emt 0:00:01]} Bf7 {[%emt 0:00:01]
} 18. b3 {[%emt 0:00:23]} Kb7 {[%emt 0:00:03]} 19. Rxd8 {[%emt 0:00:07]} Rxd8 {
[%emt 0:00:07]} 20. Nd1 {[%emt 0:00:06]} Bg5 {[%emt 0:00:15]} 21. Bd3 {[%emt 0:
00:03]} g6 {[%emt 0:00:10]} 22. g4 {[%emt 0:00:04]} gxf5 {[%emt 0:00:01]} 23.
gxf5 {[%emt 0:00:02]} c5 {[%emt 0:00:05]} 24. Nf2 {[%emt 0:00:01]} Be8 {[%emt
0:00:01]} 25. Ng4 {[%emt 0:00:02]} h5 {[%emt 0:00:05]} 26. Nf2 {[%emt 0:00:01]}
Bf7 {[%emt 0:00:02]} 27. Nh3 {[%emt 0:00:01]} Bh6 {[%emt 0:00:05]} 28. Re1 {
[%emt 0:00:03]} Re8 {[%emt 0:00:04]} 29. Ng1 {[%emt 0:00:03]} Kc6 {[%emt 0:00:
03]} 30. Nf3 {[%emt 0:00:00]} Kd6 {[%emt 0:00:04]} 31. Be2 {[%emt 0:00:07]} Bf4
{[%emt 0:00:02]} 32. Rd1+ {[%emt 0:00:01]} Kc6 {[%emt 0:00:01]} 33. Bd3 {[%emt
0:00:02]} h4 {[%emt 0:00:05]} 34. Rh1 {[%emt 0:00:02]} Bg3 {[%emt 0:00:02]} 35.
Nxh4 {[%emt 0:00:02]} Rh8 {[%emt 0:00:02]} 36. Rh3 {[%emt 0:00:04]} Bxh4 {
[%emt 0:00:03]} 37. g3 {[%emt 0:00:01]} Rg8 {[%emt 0:00:06]} 38. Rxh4 {[%emt 0:
00:02]} Rxg3 {[%emt 0:00:01]} 39. Rh7 {[%emt 0:00:01]} Rg2+ {[%emt 0:00:06]}
40. Kc3 {[%emt 0:00:01]} Be8 {[%emt 0:00:01]} 41. Rh6 {[%emt 0:00:02]} Kb7 {
[%emt 0:00:10]} 42. Rxf6 {[%emt 0:00:00]} Bh5 {[%emt 0:00:01]} 43. Rf8 {[%emt
0:00:03]} Rxa2 {[%emt 0:00:02]} 44. e5 {[%emt 0:00:01]} a5 {[%emt 0:00:03]} 45.
e6 {[%emt 0:00:08]} c6 {[%emt 0:00:02]} 46. e7 {[%emt 0:00:01]} a4 {[%emt 0:00:
06]} 47. e8=Q {[%emt 0:00:02]} Bxe8 {[%emt 0:00:03]} 48. Rxe8 {[%emt 0:00:00]}
axb3 {[%emt 0:00:01]} 49. Kxb3 {[%emt 0:00:02]} Rf2 {[%emt 0:00:00]} 50. Re6 {
[%emt 0:00:03]} Kc7 {[%emt 0:00:04]} 51. f6 {[%emt 0:00:00]} Kd7 {[%emt 0:00:
01]} 52. Re7+ {[%emt 0:00:01]} Kd8 {[%emt 0:00:01]} 53. Rf7 {[%emt 0:00:03]}
Ke8 {[%emt 0:00:02]} 54. Bg6 {[%emt 0:00:01]} Kd8 {[%emt 0:00:02]} 55. Rf8+ {
[%emt 0:00:04]} Kd7 {[%emt 0:00:03]} 56. f7 {[%emt 0:00:01] Pfleger gibt auf}
1-0

[Event "Benidorm Satellite preliminary"]
[Site "playchess.com #007036"]
[Date "2009.10.24"]
[Round "12"]
[White "Heinz53"]
[Black "Alexrules01"]
[Result "0-1"]
[WhiteElo "1708"]
[BlackElo "1622"]
[PlyCount "62"]
[EventDate "2009.10.24"]
[EventType "swiss (blitz)"]

1. e4 {[%emt 0:00:01]} c5 {[%emt 0:00:01]} 2. d4 {[%emt 0:00:02]} cxd4 {[%emt
0:00:02]} 3. c3 {[%emt 0:00:00]} dxc3 {[%emt 0:00:01]} 4. Nxc3 {[%emt 0:00:00]}
Nc6 {[%emt 0:00:00]} 5. Nf3 {[%emt 0:00:00]} d6 {[%emt 0:00:01]} 6. Bc4 {[%emt
0:00:00]} Nf6 {[%emt 0:00:01]} 7. h3 {[%emt 0:00:01]} e6 {[%emt 0:00:01]} 8.
O-O {[%emt 0:00:01]} Be7 {[%emt 0:00:00]} 9. Qe2 {[%emt 0:00:00]} O-O {[%emt 0:
00:01]} 10. Rd1 {[%emt 0:00:00]} Qc7 {[%emt 0:00:04]} 11. Bf4 {[%emt 0:00:01]}
a6 {[%emt 0:00:02]} 12. Rac1 {[%emt 0:00:02]} Bd7 {[%emt 0:00:02]} 13. a3 {
[%emt 0:00:01]} Rac8 {[%emt 0:00:04]} 14. b4 {[%emt 0:00:01]} Rfd8 {[%emt 0:00:
02]} 15. Ba2 {[%emt 0:00:02]} Qb8 {[%emt 0:00:11]} 16. b5 {[%emt 0:00:01]} axb5
{[%emt 0:00:01]} 17. Nxb5 {[%emt 0:00:01]} Be8 {[%emt 0:00:19]} 18. a4 {[%emt
0:00:29]} Nb4 {[%emt 0:00:09]} 19. Rxc8 {[%emt 0:00:08]} Rxc8 {[%emt 0:00:11]}
20. Bxd6 {[%emt 0:00:19]} Bxd6 {[%emt 0:00:04]} 21. Nxd6 {[%emt 0:00:01]} Rc2 {
[%emt 0:00:02]} 22. Rd2 {[%emt 0:00:17]} Rc1+ {[%emt 0:00:15]} 23. Kh2 {[%emt
0:00:03]} Nxa2 {[%emt 0:00:03]} 24. Rxa2 {[%emt 0:00:12]} Qxd6+ {[%emt 0:00:03]
} 25. g3 {[%emt 0:00:01]} Bc6 {[%emt 0:00:10]} 26. e5 {[%emt 0:00:07]} Bxf3 {
[%emt 0:00:09]} 27. Qxf3 {[%emt 0:00:29]} Qxe5 {[%emt 0:00:07]} 28. Qxb7 {
[%emt 0:00:01]} h6 {[%emt 0:00:05]} 29. a5 {[%emt 0:00:10]} Qd4 {[%emt 0:00:13]
} 30. a6 {[%emt 0:00:10]} Qd1 {[%emt 0:00:08]} 31. a7 {[%emt 0:00:10]} Qg1# {
[%emt 0:00:04]} 0-1

[Event "Benidorm Satellite preliminary"]
[Site "playchess.com #007036"]
[Date "2009.10.24"]
[Round "12"]
[White "Goldaxe"]
[Black "Mtudorache"]
[Result "1-0"]
[WhiteElo "2104"]
[BlackElo "1826"]
[PlyCount "59"]
[EventDate "2009.10.24"]
[EventType "swiss (blitz)"]

1. Nf3 {[%emt 0:00:02]} g6 {[%emt 0:00:03]} 2. e4 {[%emt 0:00:03]} Bg7 {[%emt
0:00:05]} 3. d4 {[%emt 0:00:01]} c5 {[%emt 0:00:05]} 4. Nc3 {[%emt 0:00:01]}
cxd4 {[%emt 0:00:07]} 5. Nxd4 {[%emt 0:00:01]} Nc6 {[%emt 0:00:01]} 6. Be3 {
[%emt 0:00:01]} Nf6 {[%emt 0:00:19]} 7. Bc4 {[%emt 0:00:02]} d6 {[%emt 0:00:17]
} 8. f3 {[%emt 0:00:05]} O-O {[%emt 0:00:06]} 9. Qd2 {[%emt 0:00:05]} Bd7 {
[%emt 0:00:14]} 10. Bb3 {[%emt 0:00:04]} Qa5 {[%emt 0:00:04]} 11. O-O-O {[%emt
0:00:04]} Rfc8 {[%emt 0:00:04]} 12. Kb1 {[%emt 0:00:01]} b5 {[%emt 0:00:04]}
13. Ncxb5 {[%emt 0:00:14]} Rab8 {[%emt 0:00:09]} 14. Nxc6 {[%emt 0:00:07]} Qxb5
{[%emt 0:00:02]} 15. Nxe7+ {[%emt 0:00:04]} Kh8 {[%emt 0:00:02]} 16. Nxc8 {
[%emt 0:00:02]} Bxc8 {[%emt 0:00:01]} 17. Qxd6 {[%emt 0:00:03]} Be6 {[%emt 0:
00:04]} 18. Bxa7 {[%emt 0:00:13]} Rb7 {[%emt 0:00:08]} 19. Qd8+ {[%emt 0:00:07]
} Ng8 {[%emt 0:00:03]} 20. Bd4 {[%emt 0:00:06]} Bxb3 {[%emt 0:00:15]} 21. axb3
{[%emt 0:00:06]} h5 {[%emt 0:00:14]} 22. Bxg7+ {[%emt 0:00:19]} Kxg7 {[%emt 0:
00:01]} 23. Qd4+ {[%emt 0:00:02]} Kh7 {[%emt 0:00:14]} 24. g4 {[%emt 0:00:04]}
h4 {[%emt 0:00:02]} 25. Qd5 {[%emt 0:00:09]} Qb4 {[%emt 0:00:04]} 26. Rd4 {
[%emt 0:00:05]} Qb6 {[%emt 0:00:02]} 27. Rhd1 {[%emt 0:00:10]} Nf6 {[%emt 0:00:
05]} 28. Qg5 {[%emt 0:00:02]} Rc7 {[%emt 0:00:06]} 29. Qxh4+ {[%emt 0:00:05]}
Kg7 {[%emt 0:00:00]} 30. Rd6 {[%emt 0:00:03] Mtudorache abbandona} 1-0

[Event "Benidorm Satellite preliminary"]
[Site "playchess.com #007036"]
[Date "2009.10.24"]
[Round "12"]
[White "Pupu"]
[Black "Franky Bono"]
[Result "1/2-1/2"]
[WhiteElo "1978"]
[BlackElo "2042"]
[PlyCount "123"]
[EventDate "2009.10.24"]
[EventType "swiss (blitz)"]

1. e4 {[%emt 0:00:03]} e5 {[%emt 0:00:01]} 2. d4 {[%emt 0:00:01]} exd4 {[%emt
0:00:01]} 3. c3 {[%emt 0:00:01]} dxc3 {[%emt 0:00:01]} 4. Nxc3 {[%emt 0:00:01]}
Nc6 {[%emt 0:00:00]} 5. Bc4 {[%emt 0:00:01]} d6 {[%emt 0:00:02]} 6. h3 {[%emt
0:00:01]} Nf6 {[%emt 0:00:01]} 7. Nf3 {[%emt 0:00:01]} Be7 {[%emt 0:00:01]} 8.
O-O {[%emt 0:00:01]} O-O {[%emt 0:00:01]} 9. Bf4 {[%emt 0:00:01]} Be6 {[%emt 0:
00:01]} 10. Bxe6 {[%emt 0:00:02]} fxe6 {[%emt 0:00:00]} 11. Qb3 {[%emt 0:00:04]
} Qc8 {[%emt 0:00:00]} 12. Rad1 {[%emt 0:00:07]} Kh8 {[%emt 0:00:02]} 13. Ng5 {
[%emt 0:00:05]} Na5 {[%emt 0:00:17]} 14. Qxe6 {[%emt 0:00:04]} Qxe6 {[%emt 0:
00:01]} 15. Nxe6 {[%emt 0:00:01]} Rfc8 {[%emt 0:00:01]} 16. e5 {[%emt 0:00:05]}
dxe5 {[%emt 0:00:17]} 17. Bxe5 {[%emt 0:00:02]} Ne8 {[%emt 0:00:09]} 18. Rd7 {
[%emt 0:00:08]} Bf6 {[%emt 0:00:08]} 19. Bxf6 {[%emt 0:00:11]} Nxf6 {[%emt 0:
00:02]} 20. Rxc7 {[%emt 0:00:02]} Rxc7 {[%emt 0:00:02]} 21. Nxc7 {[%emt 0:00:
01]} Rc8 {[%emt 0:00:02]} 22. N7b5 {[%emt 0:00:09]} a6 {[%emt 0:00:02]} 23. Nd6
{[%emt 0:00:02]} Rc6 {[%emt 0:00:02]} 24. Nf5 {[%emt 0:00:04]} g6 {[%emt 0:00:
02]} 25. Ne3 {[%emt 0:00:03]} b5 {[%emt 0:00:07]} 26. Rd1 {[%emt 0:00:03]} b4 {
[%emt 0:00:04]} 27. Ncd5 {[%emt 0:00:04]} Nxd5 {[%emt 0:00:05]} 28. Rxd5 {
[%emt 0:00:03]} Rc1+ {[%emt 0:00:05]} 29. Kh2 {[%emt 0:00:02]} Nc4 {[%emt 0:00:
01]} 30. Nxc4 {[%emt 0:00:13]} Rxc4 {[%emt 0:00:02]} 31. Ra5 {[%emt 0:00:07]}
Rc2 {[%emt 0:00:03]} 32. Kg3 {[%emt 0:00:01]} Rxb2 {[%emt 0:00:01]} 33. Rxa6 {
[%emt 0:00:00]} b3 {[%emt 0:00:02]} 34. axb3 {[%emt 0:00:02]} Rxb3+ {[%emt 0:
00:01]} 35. f3 {[%emt 0:00:00]} Rb7 {[%emt 0:00:02]} 36. h4 {[%emt 0:00:02]}
Kg7 {[%emt 0:00:03]} 37. Kg4 {[%emt 0:00:08]} h5+ {[%emt 0:00:01]} 38. Kg3 {
[%emt 0:00:05]} Rc7 {[%emt 0:00:02]} 39. Ra4 {[%emt 0:00:03]} Rb7 {[%emt 0:00:
01]} 40. Ra3 {[%emt 0:00:02]} Rc7 {[%emt 0:00:01]} 41. f4 {[%emt 0:00:01]} Rc6
{[%emt 0:00:06]} 42. Kf3 {[%emt 0:00:01]} Kf6 {[%emt 0:00:01]} 43. g4 {[%emt 0:
00:03]} hxg4+ {[%emt 0:00:02]} 44. Kxg4 {[%emt 0:00:01]} Rb6 {[%emt 0:00:01]}
45. Ra5 {[%emt 0:00:02]} Rc6 {[%emt 0:00:02]} 46. h5 {[%emt 0:00:01]} gxh5+ {
[%emt 0:00:01]} 47. Rxh5 {[%emt 0:00:01]} Kg6 {[%emt 0:00:04]} 48. f5+ {[%emt
0:00:05]} Kg7 {[%emt 0:00:02]} 49. Rg5+ {[%emt 0:00:02]} Kf7 {[%emt 0:00:01]}
50. Kh5 {[%emt 0:00:03]} Rc1 {[%emt 0:00:07]} 51. Rg3 {[%emt 0:00:10]} Kf6 {
[%emt 0:00:02]} 52. Kg4 {[%emt 0:00:07]} Rc4+ {[%emt 0:00:02]} 53. Kf3 {[%emt
0:00:01]} Kxf5 {[%emt 0:00:02]} 54. Rg1 {[%emt 0:00:00]} Rc3+ {[%emt 0:00:01]}
55. Kf2 {[%emt 0:00:01]} Kf4 {[%emt 0:00:01]} 56. Rg8 {[%emt 0:00:01]} Rc2+ {
[%emt 0:00:01]} 57. Ke1 {[%emt 0:00:01]} Ke3 {[%emt 0:00:02]} 58. Re8+ {[%emt
0:00:01]} Kf3 {[%emt 0:00:01]} 59. Rf8+ {[%emt 0:00:01]} Ke3 {[%emt 0:00:01]}
60. Re8+ {[%emt 0:00:01]} Kf3 {[%emt 0:00:01]} 61. Rf8+ {[%emt 0:00:00]} Ke3 {
[%emt 0:00:02]} 62. Re8+ {[%emt 0:00:00]} 1/2-1/2

[Event "Benidorm Satellite preliminary"]
[Site "playchess.com #007036"]
[Date "2009.10.24"]
[Round "12"]
[White "Palmolive"]
[Black "JS_Mastropiero"]
[Result "1-0"]
[WhiteElo "2355"]
[BlackElo "2068"]
[PlyCount "89"]
[EventDate "2009.10.24"]
[EventType "swiss (blitz)"]

1. e4 {[%emt 0:00:03]} c5 {[%emt 0:00:02]} 2. Nf3 {[%emt 0:00:01]} d6 {[%emt 0:
00:01]} 3. d4 {[%emt 0:00:01]} cxd4 {[%emt 0:00:01]} 4. Nxd4 {[%emt 0:00:01]}
Nf6 {[%emt 0:00:01]} 5. Nc3 {[%emt 0:00:00]} a6 {[%emt 0:00:01]} 6. Bg5 {[%emt
0:00:01]} e6 {[%emt 0:00:01]} 7. Qd2 {[%emt 0:00:00]} h6 {[%emt 0:00:04]} 8.
Be3 {[%emt 0:00:02]} Ng4 {[%emt 0:00:07]} 9. O-O-O {[%emt 0:00:01]} Nxe3 {
[%emt 0:00:01]} 10. Qxe3 {[%emt 0:00:01]} Be7 {[%emt 0:00:03]} 11. Bc4 {[%emt
0:00:01]} Qc7 {[%emt 0:00:03]} 12. Bb3 {[%emt 0:00:01]} Nc6 {[%emt 0:00:06]}
13. Kb1 {[%emt 0:00:04]} Nxd4 {[%emt 0:00:04]} 14. Qxd4 {[%emt 0:00:01]} b5 {
[%emt 0:00:01]} 15. Qxg7 {[%emt 0:00:02]} Rf8 {[%emt 0:00:02]} 16. Qxh6 {[%emt
0:00:04]} Bd7 {[%emt 0:00:01]} 17. Qe3 {[%emt 0:00:02]} O-O-O {[%emt 0:00:02]}
18. h4 {[%emt 0:00:08]} a5 {[%emt 0:00:01]} 19. a4 {[%emt 0:00:02]} b4 {[%emt
0:00:01]} 20. Ne2 {[%emt 0:00:02]} Rg8 {[%emt 0:00:05]} 21. g3 {[%emt 0:00:01]}
Bf6 {[%emt 0:00:03]} 22. Rd3 {[%emt 0:00:09]} Kb7 {[%emt 0:00:02]} 23. Rhd1 {
[%emt 0:00:02]} Bc6 {[%emt 0:00:02]} 24. Nd4 {[%emt 0:00:01]} Be8 {[%emt 0:00:
04]} 25. Nf3 {[%emt 0:00:06]} Be7 {[%emt 0:00:02]} 26. Ng5 {[%emt 0:00:04]}
Bxg5 {[%emt 0:00:11]} 27. hxg5 {[%emt 0:00:01]} Bc6 {[%emt 0:00:01]} 28. f4 {
[%emt 0:00:02]} Rd7 {[%emt 0:00:06]} 29. Qd2 {[%emt 0:00:19]} Rgd8 {[%emt 0:00:
12]} 30. Re1 {[%emt 0:00:06]} Qb6 {[%emt 0:00:06]} 31. Qh2 {[%emt 0:00:07]} Qc5
{[%emt 0:00:11]} 32. Rd2 {[%emt 0:00:09]} Kc7 {[%emt 0:00:15]} 33. Qf2 {[%emt
0:00:02]} Qxf2 {[%emt 0:00:02]} 34. Rxf2 {[%emt 0:00:01]} Rh8 {[%emt 0:00:00]}
35. f5 {[%emt 0:00:09]} exf5 {[%emt 0:00:04]} 36. exf5 {[%emt 0:00:01]} Rh3 {
[%emt 0:00:01]} 37. Rg1 {[%emt 0:00:02]} d5 {[%emt 0:00:04]} 38. c3 {[%emt 0:
00:06]} bxc3 {[%emt 0:00:02]} 39. bxc3 {[%emt 0:00:02]} d4 {[%emt 0:00:00]} 40.
cxd4 {[%emt 0:00:05]} Be4+ {[%emt 0:00:07]} 41. Kb2 {[%emt 0:00:20]} Rxd4 {
[%emt 0:00:00]} 42. Bxf7 {[%emt 0:00:06]} Rxa4 {[%emt 0:00:06]} 43. g6 {[%emt
0:00:06]} Rb4+ {[%emt 0:00:09]} 44. Kc3 {[%emt 0:00:02]} Bd5 {[%emt 0:00:11]}
45. Bxd5 {[%emt 0:00:07] JS_Mastropiero rinde} 1-0

[Event "Benidorm Satellite preliminary"]
[Site "playchess.com #007036"]
[Date "2009.10.24"]
[Round "12"]
[White "Zoschi"]
[Black "sabla"]
[Result "1/2-1/2"]
[WhiteElo "1681"]
[BlackElo "1713"]
[PlyCount "63"]
[EventDate "2009.10.24"]
[EventType "swiss (blitz)"]

1. d4 {[%emt 0:00:01]} e6 {[%emt 0:00:02]} 2. c4 {[%emt 0:00:02]} f5 {[%emt 0:
00:01]} 3. g3 {[%emt 0:00:02]} Nf6 {[%emt 0:00:01]} 4. Bg2 {[%emt 0:00:01]} h5
{[%emt 0:00:01]} 5. Nf3 {[%emt 0:00:02]} Nc6 {[%emt 0:00:03]} 6. b3 {[%emt 0:
00:03]} h4 {[%emt 0:00:01]} 7. Nxh4 {[%emt 0:00:03]} Rxh4 {[%emt 0:00:02]} 8.
gxh4 {[%emt 0:00:01]} Ng4 {[%emt 0:00:01]} 9. Bg5 {[%emt 0:00:12]} Be7 {[%emt
0:00:02]} 10. h3 {[%emt 0:00:10]} Nxf2 {[%emt 0:00:07]} 11. Kxf2 {[%emt 0:00:
13]} Bxg5 {[%emt 0:00:02]} 12. hxg5 {[%emt 0:00:04]} Qxg5 {[%emt 0:00:01]} 13.
e3 {[%emt 0:00:26]} Qh4+ {[%emt 0:00:05]} 14. Kg1 {[%emt 0:00:03]} f4 {[%emt 0:
00:07]} 15. Nc3 {[%emt 0:00:23]} fxe3 {[%emt 0:00:05]} 16. Qg4 {[%emt 0:00:20]}
Qf2+ {[%emt 0:00:14]} 17. Kh2 {[%emt 0:00:02]} Ne7 {[%emt 0:00:09]} 18. Rhf1 {
[%emt 0:00:15]} Qd2 {[%emt 0:00:05]} 19. Qxg7 {[%emt 0:00:12]} Nf5 {[%emt 0:00:
01]} 20. Rxf5 {[%emt 0:00:22]} exf5 {[%emt 0:00:04]} 21. Nd5 {[%emt 0:00:01]}
Qb4 {[%emt 0:00:32]} 22. Nf6+ {[%emt 0:00:13]} Kd8 {[%emt 0:00:08]} 23. Qg8+ {
[%emt 0:00:15]} Ke7 {[%emt 0:00:02]} 24. Qg7+ {[%emt 0:00:01]} Kd8 {[%emt 0:00:
08]} 25. c5 {[%emt 0:00:07]} c6 {[%emt 0:00:05]} 26. Qf8+ {[%emt 0:00:07]} Kc7
{[%emt 0:00:04]} 27. Qd6+ {[%emt 0:00:00]} Kd8 {[%emt 0:00:03]} 28. Qf8+ {
[%emt 0:00:06]} Kc7 {[%emt 0:00:01]} 29. Ne8+ {[%emt 0:00:04]} Kd8 {[%emt 0:00:
01]} 30. Nd6+ {[%emt 0:00:02]} Kc7 {[%emt 0:00:01]} 31. Ne8+ {[%emt 0:00:00]}
Kd8 {[%emt 0:00:01]} 32. Nf6+ {[%emt 0:00:01]} 1/2-1/2

[Event "Benidorm Satellite preliminary"]
[Site "playchess.com #007036"]
[Date "2009.10.24"]
[Round "12"]
[White "Rashid"]
[Black "Misu2008"]
[Result "1-0"]
[WhiteElo "2119"]
[BlackElo "1857"]
[PlyCount "43"]
[EventDate "2009.10.24"]
[EventType "swiss (blitz)"]

1. e4 {[%emt 0:00:12]} d5 {[%emt 0:00:01]} 2. b3 {[%emt 0:00:15]} dxe4 {[%emt
0:00:05]} 3. Nc3 {[%emt 0:00:01]} Nf6 {[%emt 0:00:04]} 4. Bb2 {[%emt 0:00:03]}
Bf5 {[%emt 0:00:04]} 5. Qe2 {[%emt 0:00:02]} c6 {[%emt 0:00:37]} 6. h3 {[%emt
0:00:05]} h6 {[%emt 0:00:19]} 7. g4 {[%emt 0:00:03]} Bg6 {[%emt 0:00:02]} 8.
Bg2 {[%emt 0:00:01]} Nbd7 {[%emt 0:00:05]} 9. Nxe4 {[%emt 0:00:03]} Nxe4 {
[%emt 0:00:01]} 10. Bxe4 {[%emt 0:00:00]} Bxe4 {[%emt 0:00:02]} 11. Qxe4 {
[%emt 0:00:01]} e6 {[%emt 0:00:05]} 12. O-O-O {[%emt 0:00:03]} Nf6 {[%emt 0:00:
01]} 13. Qe2 {[%emt 0:00:08]} Qa5 {[%emt 0:00:03]} 14. Kb1 {[%emt 0:00:03]}
O-O-O {[%emt 0:00:09]} 15. Nf3 {[%emt 0:00:08]} Ba3 {[%emt 0:00:14]} 16. Ne5 {
[%emt 0:00:08]} Bxb2 {[%emt 0:00:02]} 17. Kxb2 {[%emt 0:00:00]} Rhf8 {[%emt 0:
00:06]} 18. Rhe1 {[%emt 0:00:15]} Nd5 {[%emt 0:00:08]} 19. a3 {[%emt 0:00:23]}
Nf4 {[%emt 0:00:21]} 20. Qf3 {[%emt 0:00:15]} g5 {[%emt 0:00:03]} 21. Re3 {
[%emt 0:00:15]} Rxd2 {[%emt 0:00:29]} 22. Nxc6 {[%emt 0:00:37] Time} 1-0

[Event "Benidorm Satellite preliminary"]
[Site "playchess.com #007036"]
[Date "2009.10.24"]
[Round "12"]
[White "Jahhaj"]
[Black "Racoony"]
[Result "0-1"]
[WhiteElo "1925"]
[BlackElo "1776"]
[PlyCount "52"]
[EventDate "2009.10.24"]
[EventType "swiss (blitz)"]

1. d4 {[%emt 0:00:02]} Nf6 {[%emt 0:00:04]} 2. c4 {[%emt 0:00:01]} g6 {[%emt 0:
00:02]} 3. Nc3 {[%emt 0:00:01]} Bg7 {[%emt 0:00:03]} 4. e4 {[%emt 0:00:01]} d6
{[%emt 0:00:01]} 5. f3 {[%emt 0:00:01]} O-O {[%emt 0:00:13]} 6. Be3 {[%emt 0:
00:01]} c5 {[%emt 0:00:04]} 7. dxc5 {[%emt 0:00:03]} dxc5 {[%emt 0:00:02]} 8.
Qxd8 {[%emt 0:00:01]} Rxd8 {[%emt 0:00:03]} 9. Bxc5 {[%emt 0:00:01]} Nc6 {
[%emt 0:00:04]} 10. Nge2 {[%emt 0:00:02]} Nd7 {[%emt 0:00:14]} 11. Be3 {[%emt
0:00:01]} Nde5 {[%emt 0:00:10]} 12. Nf4 {[%emt 0:00:01]} Na5 {[%emt 0:00:15]}
13. c5 {[%emt 0:00:28]} Nac4 {[%emt 0:00:13]} 14. Bxc4 {[%emt 0:00:04]} Nxc4 {
[%emt 0:00:03]} 15. Bc1 {[%emt 0:00:52]} Bd4 {[%emt 0:00:25]} 16. Ke2 {[%emt 0:
00:08]} Bxc5 {[%emt 0:00:05]} 17. b3 {[%emt 0:00:06]} Nb6 {[%emt 0:00:23]} 18.
Bb2 {[%emt 0:00:03]} Bd7 {[%emt 0:00:06]} 19. Rhd1 {[%emt 0:00:05]} Rac8 {
[%emt 0:00:04]} 20. Nfd5 {[%emt 0:00:09]} Nxd5 {[%emt 0:00:03]} 21. Nxd5 {
[%emt 0:00:01]} Bd6 {[%emt 0:00:09]} 22. Rd2 {[%emt 0:00:21]} Bb5+ {[%emt 0:00:
06]} 23. Ke1 {[%emt 0:00:26]} Kf8 {[%emt 0:00:01]} 24. a3 {[%emt 0:00:17]} Bxh2
{[%emt 0:00:08]} 25. Kf2 {[%emt 0:00:19]} Bf4 {[%emt 0:00:09]} 26. Rdd1 {[%emt
0:00:09]} Rc2+ {[%emt 0:00:03] Jahhaj resigns} 0-1

[Event "Benidorm Satellite preliminary"]
[Site "playchess.com #007036"]
[Date "2009.10.24"]
[Round "12"]
[White "Scottie"]
[Black "Necromant"]
[Result "0-1"]
[WhiteElo "2289"]
[BlackElo "2478"]
[PlyCount "76"]
[EventDate "2009.10.24"]
[EventType "swiss (blitz)"]

1. e4 {[%emt 0:00:01]} c5 {[%emt 0:00:01]} 2. Nf3 {[%emt 0:00:01]} d6 {[%emt 0:
00:00]} 3. d4 {[%emt 0:00:01]} cxd4 {[%emt 0:00:00]} 4. Qxd4 {[%emt 0:00:00]}
Nf6 {[%emt 0:00:01]} 5. e5 {[%emt 0:00:01]} Nc6 {[%emt 0:00:01]} 6. Bb5 {[%emt
0:00:01]} Qa5+ {[%emt 0:00:01]} 7. Nc3 {[%emt 0:00:02]} Qxb5 {[%emt 0:00:01]}
8. Nxb5 {[%emt 0:00:02]} Nxd4 {[%emt 0:00:00]} 9. Nfxd4 {[%emt 0:00:03]} dxe5 {
[%emt 0:00:01]} 10. Nc7+ {[%emt 0:00:01]} Kd7 {[%emt 0:00:02]} 11. Nxa8 {[%emt
0:00:01]} exd4 {[%emt 0:00:01]} 12. Bf4 {[%emt 0:00:01]} e6 {[%emt 0:00:24]}
13. O-O-O {[%emt 0:00:31]} Kc6 {[%emt 0:00:01]} 14. Rxd4 {[%emt 0:00:09]} Bc5 {
[%emt 0:00:02]} 15. Rc4 {[%emt 0:00:14]} b5 {[%emt 0:00:04]} 16. Rc3 {[%emt 0:
00:25]} Nd5 {[%emt 0:00:05]} 17. Rf3 {[%emt 0:00:01]} Nxf4 {[%emt 0:00:03]} 18.
Rxf4 {[%emt 0:00:01]} f5 {[%emt 0:00:05]} 19. a4 {[%emt 0:00:20]} bxa4 {[%emt
0:00:13]} 20. Rc4 {[%emt 0:00:23]} Ba6 {[%emt 0:00:16]} 21. Rxa4 {[%emt 0:00:
15]} Bb5 {[%emt 0:00:02]} 22. Ra5 {[%emt 0:00:34]} Rxa8 {[%emt 0:00:04]} 23.
Rd1 {[%emt 0:00:04]} Bxf2 {[%emt 0:00:09]} 24. b3 {[%emt 0:00:02]} Bb6 {[%emt
0:00:05]} 25. Ra1 {[%emt 0:00:02]} Kc7 {[%emt 0:00:13]} 26. Kb2 {[%emt 0:00:11]
} Rd8 {[%emt 0:00:10]} 27. c4 {[%emt 0:00:12]} Rxd1 {[%emt 0:00:05]} 28. Rxd1 {
[%emt 0:00:00]} Bc6 {[%emt 0:00:01]} 29. g3 {[%emt 0:00:01]} e5 {[%emt 0:00:01]
} 30. Rf1 {[%emt 0:00:06]} g6 {[%emt 0:00:03]} 31. g4 {[%emt 0:00:00]} f4 {
[%emt 0:00:02]} 32. b4 {[%emt 0:00:01]} Bd4+ {[%emt 0:00:03]} 33. Kb3 {[%emt 0:
00:01]} f3 {[%emt 0:00:01]} 34. b5 {[%emt 0:00:02]} Be4 {[%emt 0:00:01]} 35.
Kb4 {[%emt 0:00:02]} Bd3 {[%emt 0:00:02]} 36. Rxf3 {[%emt 0:00:16]} e4 {[%emt
0:00:06] '} 37. Rf7+ {[%emt 0:00:01]} Kd6 {[%emt 0:00:01]} 38. Rxh7 {[%emt 0:
00:04]} e3 {[%emt 0:00:01] Time} 0-1